000 00321nam a22001457a 4500
003 SGT
020 _a938426651-5
082 _a302.2
_bTAN
100 _aTANWAR, PRATEEK
245 _aCOMMUNICATION SKILLS
260 _aINDIA
_bBIRLA PUB.
_c2026
300 _a136
650 _aCOMMUNICATION SKILLS
942 _2ddc
_cBK
999 _c33020
_d33020